000 00699nac a22002177a 4500
001 BR9404327
003 BR-BrBNA
005 20240105121549.0
008 230509b bl.|||m| |||| 00| 0 por d
040 _aBR-BrBNA
_bpor
_cBiblioteca Nacional de Agricultura
072 _aC30
090 _aC30 BR9404327
110 1 _aAssociacao dos Bibliotecarios do Distrito Federal, Brasilia (Brasil)
_9556
245 1 _aRelatorio de atividades 1985, plano de trabalho 1986
260 3 _aBrasilia, DF (Brasil):
_c1985.
300 _a48 p.
490 _aBoletim ABDF. Nova Serie (Brazil)
_vv. 8(4)Suppl
_x
650 _aBiblioteca
909 _a202312
_bLúcia Elande
_c55
_dLúcia Elande
942 _2AGRIS
_n0
_cMS
999 _c286039
_d286039